History Quiz

Random History or Decade Quiz

'70s Timeline Picture Click Quiz Stats

 Plays Quiz Updated Oct 15, 2016

Score 0/10 Timer 03:00
0 Plays Today
% Correct
1979- Iranian Hostage Crisis
89.3%
1977- Unveiling of 'Star Wars'
73.2%
1976- Nadia Comaneci, first Olympic
gymnast to score a perfect 10
67.3%
1975- Evacuation of Saigon by US troops
65.4%
1974- Resignation of Richard Nixon
61.3%
1978- Election of Pope John Paul II
58.6%
1972- Terrorist attack at the Munich Olympics
56.3%
1970- Kent State Massacre
53.6%
1971- Grand opening of Disney World
49.3%
1973- Roe vs. Wade
42.9%

You're not logged in!

Compare scores with friends on all Sporcle quizzes.
OR
Log In

Sporcle TV

Today on Sporcle TV


Watch our educational content, quiz creation guides, and fun videos on Sporcle TV.

Show Comments

Extras

Top Quizzes Today


Score Distribution

Your Account Isn't Verified!

In order to create a playlist on Sporcle, you need to verify the email address you used during registration. Go to your Sporcle Settings to finish the process.

Report this User

Report this user for behavior that violates our Community Guidelines.

Details: